书目信息 |
| 书名: | People of the earth | |
| 作者: | Brian M. Fagan. | |
| 分册号: | ||
| 分册名: | 出版地: | New York, NY : |
|
| 出版社: | HarperCollins College Publishers | |
| 出版时间: | c1995. | |
| 页数: | xx, 595 p. : | |
| 开本: | 26 cm. | |
| 丛书名: | ||
| 中图分类号: | ||
| 科图分类号: | ||
| 其他分类号: | K11 | |
| 主题词: | ||
| 电子资源: | ||
| 000 | 01050cam a2200289 a 450 | |
| 001 | E0734813780 | |
| 005 | 20070509094108.76 | |
| 008 | 940301s1995 nyuab b 001 0 eng | |
| 010 | @a94008780 | |
| 020 | @a0673523942. | |
| 035 | @A(DLC) 94008780 | |
| 040 | @aDLC@cDLC@dDLC | |
| 050 | 00 | @aGN740@b.F3 1995 |
| 082 | 00 | @a930@2 20 |
| 090 | @aK11 | |
| 099 | @dK11@ex16=8 | |
| 100 | 1 | @aFagan, Brian M. |
| 245 | 10 | @aPeople of the earth :@ban introduction to world prehistory / @cBrian M. Fagan. |
| 250 | @a8th ed. | |
| 260 | @aNew York, NY :@bHarperCollins College Publishers,@cc1995. | |
| 300 | @axx, 595 p. :@bill. (some col.), col. maps ;@c26 cm. | |
| 504 | @aIncludes bibliographical references (p. 541-568) and index. | |
| 650 | 0 | @aPrehistoric peoples. |
| 650 | 0 | @aCivilization, Ancient. |
| 906 | @a7@bcbc@corignew@d1@eocip@f19@gy-gencatlg | |
| 955 | @apc18 to la00 03-01-94; sf02 03-03-94; sf12 03-04-94; sf04 03-04-94; aa00 03-08-94; CIP ver. pv08 03-20-95 | |
| 991 | @bc-GenColl@hGN740@i.F3 1995@p00014375077@tCopy 1@wBOOKS | |
| People of the earth : : an introduction to world prehistory / / Brian M. Fagan.-8th ed.-New York, NY : : HarperCollins College Publishers, , c1995. |
| xx, 595 p. : : ill. (some col.), col. maps ; ; 26 cm. |
| Includes bibliographical references (p. 541-568) and index. |
| ISBN 0673523942. |
| ● |
| 相关链接 |
|
|
|
|
正题名:People of the earth
索取号:K11/x16=8
 
预约/预借
| 序号 | 登录号 | 条形码 | 馆藏地/架位号 | 状态 | 备注 |
| 1 | 7724 | 300077244 | 第二样本阅览室/ [索取号:K11/x16=8] | 在馆 | |
| 2 | 7725 | 300077253 | 第四借阅区/ [索取号:K11/x16=8] | 在馆 | |
| 3 | 7726 | 300077262 | 第四借阅区/ [索取号:K11/x16=8] | 在馆 | |
| 4 | 7727 | 300077271 | 第四借阅区/ [索取号:K11/x16=8] | 在馆 |